| 000 | 00755nam a2200241 a 4500 | ||
|---|---|---|---|
| 001 | 69771 | ||
| 003 | BD-RjUL | ||
| 005 | 20211209081926.0 | ||
| 008 | 170413s1961 nyu 001 0 eng d | ||
| 035 | _a(BD-RjUL)69983 | ||
| 040 |
_aBD-RjUL _beng _cBD-RjUL |
||
| 041 | _aeng | ||
| 082 |
_223 _a515.733 _bBEI 1961 |
||
| 100 | 1 |
_aBerberian, Sterling K., _9151498 |
|
| 245 | 1 | 0 |
_aIntroduction to Hilbert space / _cSterling K. Berberian. |
| 260 |
_aNew York : _bOxford University Press, _c1961. |
||
| 300 |
_axi, 206 p. : _bill. ; _c22 cm. |
||
| 490 | 1 | _aUniversity texts in the mathematical sciences | |
| 500 | _aIncludes Indexes | ||
| 650 | 0 |
_aHilbert space. _9206662 |
|
| 830 | 0 |
_aUniversity texts in the mathematical sciences _9206670 |
|
| 942 |
_2ddc _cBK |
||
| 999 |
_c69771 _d69771 |
||